000 01359naa a22003257a 4500
001 BR8903993
003 BR-BrBNA
005 20240918180520.0
007 ta
008 230509b bl.||||| |||| 00| 0 por d
040 _aBR-BrBNA
_bpor
_cBiblioteca Nacional de Agricultura
041 _a(Pt)
072 _aE10; E11; E12
_b/G514
090 _aE10 BR8903993
100 1 _aHoffmann, R.
100 1 _aKassouf, A.L.
111 1 _a4. Seminario sobre Problemas e Perspectivas da Agricultura
_cPiracicaba, SP (Brazil)
_d18-20 Oct 1988
245 1 _aModernizacao e desigualdade na agricultura brasileira
260 3 _aPiracicaba, SP (Brasil):
_c1988.
500 _aAraujo, P.F.C. de; Bach, G.T. (coord.) 4. Seminario sobre Problemas e Perspectivas da Agricultura Piracicaba, SP (Brasil): 1988. p. 1-25 (BR8903993-AM)E10
650 _aDESENVOLVIMENTO ECONOMICO
650 _aDISTRIBUICAO DE RENDA
650 _aRENDA PER CAPITA
650 _aTERRA
650 _aPRODUTIVIDADE
650 _aRENDIMENTO
773 0 _t4. Seminario sobre Problemas e Perspectivas da Agricultura
_aAraujo, P.F.C. de; Bach, G.T. (coord.). Escola Superior de Agricultura Luiz de Queiroz, Piracicaba, SP (Brasil). Depto. de Economia e Sociologia Rural
_wE10 BR8903993
_gPiracicaba, SP (Brasil), 1988. p. 1-25
909 _a202404
_bLucia
_c55
_dLucia Elande
942 _cAM
_2AGRIS
999 _c320809
_d320809